000 01292nam a2200349 i 4500
001 69883
003 Mx-PuUPA
005 20220816092830.0
008 220804s2012 uk a|||gr|||| 00| 0 eng d
020 _a9781781161449
040 _aMx-PuUPA
_bspa
_cMx-PuUPA
_dMx-PuUPA
_erda
041 0 _aeng
110 1 _aTokyo SFX Makeup Workshop
245 1 2 _aA complete guide to special effects makeup /
_cby Tokyo SFX Makeup Workshop ; Yuko Sasaki, editor
246 1 2 _aA complete guide to special effects makeup :
_bconceptual creations.
250 _aFirst edition
264 1 _aLondon :
_bTitan Books,
_c2012
300 _a136 páginas :
_bilustraciones ;
_c27 cm
336 _2rdacontent
_atexto
_btxt
337 _2rdamedia
_asin medio
_bn
338 _2rdacarrier
_avolumen
_bnc
500 _aConceptual Creations by Japanese Makeup Artistis.--Cubierta
650 7 _2armarc
_aMaquillaje teatral
650 7 _2armarc
_aMaquillaje para cine
650 7 _2armarc
_aCaracterización teatral
650 7 _2armarc
_aVestuario (Artes escénicas)
700 1 _aSasaki, Yuko,
_eeditor
_913110
942 _2ddc
_cLI
_h791.43027
_iC728
999 _c69883
_d69883